| Tag |
First Indicator |
Second Indicator |
Subfields |
| LEADER |
00000cam a2200000 a 4500 |
| 001 |
in00001487521 |
| 005 |
20151021070701.0 |
| 008 |
990121s1999 miub b 000 0 eng |
| 010 |
|
|
|a 99018022
|
| 020 |
|
|
|a 080284667X (pa. : alk. paper)
|
| 035 |
|
|
|a (OCoLC)40707072
|
| 035 |
|
|
|9 AJH0730AM
|
| 040 |
|
|
|a DLC
|c DLC
|d TXA
|d UtOrBLW
|
| 043 |
|
|
|a e-uk-ni
|
| 049 |
|
|
|a TXAM
|
| 050 |
0 |
0 |
|a DA990.U46
|b W45 1999
|
| 082 |
0 |
0 |
|a 941.6
|2 21
|
| 100 |
1 |
|
|a Wells, Ronald,
|d 1941-
|
| 245 |
1 |
0 |
|a People behind the peace :
|b community and reconciliation in Northern Ireland /
|c Ronald A. Wells.
|
| 264 |
|
1 |
|a Grand Rapids, Mich. :
|b W.B. Eerdmans Pub.,
|c 1999.
|
| 300 |
|
|
|a ix, 126 pages :
|b 1 map ;
|c 23 cm.
|
| 336 |
|
|
|a text
|b txt
|2 rdacontent
|
| 337 |
|
|
|a unmediated
|b n
|2 rdamedia
|
| 338 |
|
|
|a volume
|b nc
|2 rdacarrier
|
| 504 |
|
|
|a Includes bibliographical references.
|
| 651 |
|
0 |
|a Northern Ireland
|x History.
|
| 650 |
|
0 |
|a Peace movements
|z Northern Ireland
|x History
|y 20th century.
|
| 650 |
|
0 |
|a Reconciliation
|x Religious aspects
|x Christianity.
|
| 650 |
|
0 |
|a Communities
|x Religious aspects
|x Christianity.
|
| 650 |
|
0 |
|a Peace
|x Religious aspects
|x Christianity.
|
| 948 |
|
|
|a c:pk
|
| 999 |
|
|
|a MARS
|
| 999 |
f |
f |
|s 3dbd6f3a-ce18-3d6f-9117-17edb8ab5a77
|i c5534ecc-2f4d-3fcf-b0ca-e5e70ca4bcd4
|t 0
|
| 952 |
f |
f |
|p ric
|a Texas A&M University
|b Rellis Campus
|c Joint Library Facility
|d Remote Storage
|t 0
|e DA990.U46 W45 1999
|h Library of Congress classification
|i unmediated -- volume
|m A14825022040
|
| 998 |
f |
f |
|a DA990.U46 W45 1999
|t 0
|l Remote Storage
|